[Event "Sparkassen-Open B"]
[Site "Heusenstamm, Martinsee"]
[Date "2023.11.26"]
[Round "7.6"]
[White "Niesel, Sebastian"]
[Black "Fettig, Michel"]
[Result "1-0"]
[WhiteElo "1355"]
[BlackElo "1469"]
[PlyCount "27"]
[EventDate "2023.??.??"]
[WhiteTeam "SV 1934 Ffm-Griesheim"]
[BlackTeam "SC ML Kastellaun"]

1. e4 e6 2. d4 d5 3. exd5 exd5 4. Bd3 Nc6 5. c3 Bd6 6. Nf3 Bg4 7. O-O Nge7 8. Re1 O-O 9. Bxh7+ Kh8 10. Bd3 Nf5 11. h3 Bxf3 12. Qxf3 Nh6 13. Bxh6 gxh6 14. Qf5 1-0

[Event "Sparkassen-Open B"]
[Site "Heusenstamm, Martinsee"]
[Date "2023.11.26"]
[Round "7.7"]
[White "Burow, Roger"]
[Black "Mönch, Dorothée"]
[Result "0-1"]
[WhiteElo "1570"]
[BlackElo "1736"]
[PlyCount "76"]
[EventDate "2023.??.??"]
[WhiteTeam "SV 1920 Kelsterbach"]
[BlackTeam "Sfr.Mainz 1928"]

1. e4 d6 2. Nf3 g6 3. d4 Bg7 4. c3 Nf6 5. Nbd2 O-O 6. Bc4 Nbd7 7. O-O Nb6 8. Bb3 Bg4 9. h3 Bxf3 10. Qxf3 Nfd7 11. Qe2 e6 12. f4 c5 13. Nf3 Qc7 14. e5 d5 15. Be3 c4 16. Bc2 Rfb8 17. Qd2 Kf8 18. Ng5 Ke7 19. Nxh7 Rh8 20. Ng5 Raf8 21. Qf2 f6 22. exf6+ Bxf6 23. Nf3 Rhg8 24. Qg3 g5 25. Ne5 gxf4 26. Qxf4 Bxe5 27. Qh4+ Bf6 28. Rxf6 Nxf6 29. Bg5 Rxg5 30. Qxg5 Rg8 31. Bg6 Nbd7 32. Rf1 Qb8 33. h4 Qf8 34. h5 Qg7 35. Re1 Rh8 36. Qh4 Qxg6 37. Qh3 Qg4 38. Qe3 Ne4 0-1

[Event "Sparkassen-Open B"]
[Site "Heusenstamm, Martinsee"]
[Date "2023.11.26"]
[Round "7.8"]
[White "Stehning, Michel"]
[Black "Bauer, Ottmar"]
[Result "0-1"]
[WhiteElo "1571"]
[BlackElo "1713"]
[PlyCount "50"]
[EventDate "2023.??.??"]
[WhiteTeam "SF Braunfels"]
[BlackTeam "TSV 1869 Rottendorf"]

1. d4 d5 2. Bf4 Bf5 3. Nf3 e6 4. e3 Nf6 5. Bd3 Bxd3 6. Qxd3 c6 7. Nbd2 Nbd7 8. c3 a5 9. O-O Be7 10. Rfe1 O-O 11. e4 dxe4 12. Nxe4 Nxe4 13. Rxe4 Nc5 14. Qe2 Nxe4 15. Qxe4 Qd5 16. Qc2 Qf5 17. Qd2 Rfd8 18. Re1 Bf6 19. Bg5 Bxg5 20. Nxg5 c5 21. Nf3 cxd4 22. cxd4 Rd5 23. Rc1 Rad8 24. a3 h6 25. Rc7 e5 0-1

[Event "Sparkassen-Open B"]
[Site "Heusenstamm, Martinsee"]
[Date "2023.11.26"]
[Round "7.9"]
[White "Ahrens, Gunnar"]
[Black "Gräß?er, Malte"]
[Result "0-1"]
[WhiteElo "1661"]
[BlackElo "1462"]
[PlyCount "66"]
[EventDate "2023.??.??"]
[WhiteTeam "Delmenhorster SK V 1931"]
[BlackTeam "Sfr.Heidesheim"]

1. f4 e6 2. Nf3 d5 3. e3 Nf6 4. b3 c5 5. Bb5+ Bd7 6. Bxd7+ Nbxd7 7. Bb2 Bd6 8. O-O Qc7 9. Qe2 a6 10. d3 b5 11. Nbd2 O-O 12. c4 Rfe8 13. d4 Rab8 14. cxb5 axb5 15. dxc5 Bxc5 16. Ne5 Qb6 17. Rfe1 d4 18. Nxd7 Nxd7 19. Ne4 dxe3 20. Nxc5 Qxc5 21. Rad1 Nb6 22. Rc1 Qf5 23. Be5 Rbc8 24. Qxb5 Nd5 25. Qd7 Rcd8 26. Qb7 Re7 27. Rc8 Ree8 28. Rc5 Qg4 29. Rc4 f6 30. Bd4 Re7 31. Qb5 Nxf4 32. g3 Qf3 33. Rc2 Nh3# 0-1

[Event "Sparkassen-Open B"]
[Site "Heusenstamm, Martinsee"]
[Date "2023.11.26"]
[Round "7.10"]
[White "Bengsch, Norbert"]
[Black "Ziegler, Christopher"]
[Result "1/2-1/2"]
[WhiteElo "1604"]
[BlackElo "1524"]
[PlyCount "29"]
[EventDate "2023.??.??"]
[WhiteTeam "SG Donautal Tuttlingen"]
[BlackTeam "SV 1920 Kelsterbach"]

1. d4 Nf6 2. Nf3 g6 3. Nc3 Bg7 4. e4 d6 5. Bc4 O-O 6. Qe2 c5 7. e5 dxe5 8. dxe5 Nfd7 9. e6 fxe6 10. Bxe6+ Kh8 11. O-O Nc6 12. Be3 Nde5 13. Nxe5 Nxe5 14. Rad1 Qb6 15. Bxc8 1/2-1/2

[Event "Sparkassen-Open B"]
[Site "Heusenstamm, Martinsee"]
[Date "2023.11.26"]
[Round "7.11"]
[White "Barsov, Mikhail"]
[Black "de la Chevallerie, Gilbert"]
[Result "1-0"]
[WhiteElo "1405"]
[BlackElo "1552"]
[PlyCount "73"]
[EventDate "2023.??.??"]
[WhiteTeam "SK Gräfelfing"]
[BlackTeam "SV 1920 Hofheim"]

1. c4 b6 2. Nc3 Bb7 3. e4 e6 4. Nge2 c5 5. d3 a6 6. g3 f5 7. Bg2 Ne7 8. O-O g6 9. Be3 Nbc6 10. Qd2 Ne5 11. b3 h6 12. d4 cxd4 13. Bxd4 N7c6 14. Bxe5 Nxe5 15. Qd4 Bg7 16. Qd2 O-O 17. Rad1 fxe4 18. Nxe4 d5 19. cxd5 exd5 20. N4c3 Nf3+ 21. Bxf3 Rxf3 22. Nxd5 g5 23. Ne3 Qe8 24. Qd7 Qe4 25. Qh3 Rxe3 26. fxe3 Qxe3+ 27. Rf2 Rf8 28. Qf1 h5 29. Re1 Re8 30. b4 Qe4 31. Qg2 Qe7 32. Qh3 Bd4 33. Qxh5 Bxf2+ 34. Kxf2 Qe3+ 35. Kf1 Kg7 36. Qg4 Kg6 37. Nf4+ 1-0

[Event "Sparkassen-Open B"]
[Site "Heusenstamm, Martinsee"]
[Date "2023.11.26"]
[Round "7.12"]
[White "Fuchs, Andreas"]
[Black "Fang, Borui"]
[Result "0-1"]
[WhiteElo "1609"]
[BlackElo "1515"]
[PlyCount "94"]
[EventDate "2023.??.??"]
[WhiteTeam "SC Ober-Ramstadt"]
[BlackTeam "SV Oberursel"]

1. d4 d5 2. c4 c6 3. Nc3 Nf6 4. Bg5 e6 5. Nf3 Bd6 6. e3 Nbd7 7. Rc1 O-O 8. Bd3 dxc4 9. Bxc4 b5 10. Bd3 Bb7 11. O-O h6 12. Bh4 Re8 13. e4 e5 14. d5 g5 15. Bg3 b4 16. dxc6 Bxc6 17. Nb5 Bxb5 18. Bxb5 Qe7 19. Qe2 Rec8 20. Bxd7 Nxd7 21. Rfd1 f6 22. Qd2 Rxc1 23. Rxc1 Rd8 24. Qd5+ Kg7 25. h3 Nb6 26. Qb5 h5 27. h4 g4 28. Nd2 Rd7 29. b3 Rc7 30. Nc4 Rc5 31. Qa6 Qc7 32. Kh2 Nxc4 33. Rxc4 Rxc4 34. Qxc4 Qxc4 35. bxc4 Kf7 36. f3 gxf3 37. gxf3 Bc5 38. f4 Ke6 39. Kg2 a5 40. Kf3 a4 41. Ke2 b3 42. axb3 a3 43. Be1 Bd4 44. f5+ Kd7 45. c5 a2 46. c6+ Kxc6 47. Bc3 Bxc3 0-1

[Event "Sparkassen-Open B"]
[Site "Heusenstamm, Martinsee"]
[Date "2023.11.26"]
[Round "7.13"]
[White "Fettig, Konrad"]
[Black "Bardorz, Christoph"]
[Result "1-0"]
[WhiteElo "1496"]
[BlackElo "1713"]
[PlyCount "39"]
[EventDate "2023.??.??"]
[WhiteTeam "SC ML Kastellaun"]
[BlackTeam "TSV 1869 Rottendorf"]

1. e4 e5 2. Nf3 Nc6 3. Bc4 Nf6 4. d3 Bc5 5. Nc3 h6 6. O-O d6 7. h3 O-O 8. Na4 Bb6 9. Nxb6 axb6 10. Nh4 Nxe4 11. Ng6 Re8 12. dxe4 Na5 13. Bxf7+ Kxf7 14. Qh5 Re6 15. Nxe5+ Kg8 16. Qf7+ Kh7 17. Ng4 Rxe4 18. Bxh6 Rxg4 19. hxg4 Kxh6 20. Qh5# 1-0

[Event "Sparkassen-Open B"]
[Site "Heusenstamm, Martinsee"]
[Date "2023.11.26"]
[Round "7.14"]
[White "Kupke, Jonas"]
[Black "Dick, Markus"]
[Result "1-0"]
[WhiteElo "1438"]
[BlackElo "1408"]
[PlyCount "75"]
[EventDate "2023.??.??"]
[WhiteTeam "Wiesbadener SV 1885"]
[BlackTeam "SV 1934 Ffm-Griesheim"]

1. e4 e5 2. Nf3 Nc6 3. d4 exd4 4. Bc4 Nf6 5. O-O Nxe4 6. Nc3 Nf6 7. Nd5 d6 8. Re1+ Be7 9. Nxf6+ gxf6 10. Nxd4 Ne5 11. Bb3 Qd7 12. Nf3 b6 13. Nxe5 fxe5 14. Qd5 c6 15. Qxf7+ Kd8 16. Qg7 Qe8 17. Bg5 Bxg5 18. Qxg5+ Kc7 19. Rad1 Be6 20. Bxe6 Qxe6 21. Qg7+ Qd7 22. Qxd7+ Kxd7 23. Rxe5 Rae8 24. Ree1 Rhf8 25. f3 Rxe1+ 26. Rxe1 Rf5 27. Kf2 d5 28. g4 Rf6 29. Kg3 c5 30. g5 Rg6 31. h4 d4 32. f4 Re6 33. Rxe6 Kxe6 34. Kf3 Kf5 35. h5 c4 36. g6 hxg6 37. h6 Kf6 38. Ke4 1-0

[Event "Sparkassen-Open B"]
[Site "Heusenstamm, Martinsee"]
[Date "2023.11.26"]
[Round "7.15"]
[White "Liu, Jonas"]
[Black "Fernandez Garcia, Alfonso Javier"]
[Result "1/2-1/2"]
[WhiteElo "1492"]
[BlackElo "1600"]
[PlyCount "77"]
[EventDate "2023.??.??"]
[WhiteTeam "SV Oberursel"]
[BlackTeam "SV 1926 Neu-Isenburg"]

1. e4 e6 2. d4 d5 3. exd5 exd5 4. Nf3 Nf6 5. Bd3 Bd6 6. O-O O-O 7. Bg5 Bg4 8. Nbd2 c6 9. c3 Nbd7 10. Qc2 Qc7 11. Rfe1 Rfe8 12. Re3 h6 13. Bxf6 Nxf6 14. h3 Rxe3 15. fxe3 Be6 16. e4 dxe4 17. Nxe4 Nxe4 18. Bxe4 Re8 19. Re1 Bg3 20. Re2 Rd8 21. Ne5 c5 22. Qd3 Bh4 23. d5 Bf6 24. Nc4 b5 25. Ne3 c4 26. Qc2 Bc8 27. Bf3 Qc5 28. Kf1 Bg5 29. Qe4 Bd7 30. Nc2 Qd6 31. Qe5 Qxe5 32. Rxe5 Re8 33. Rxe8+ Bxe8 34. Ke2 Kf8 35. b3 cxb3 36. axb3 Ke7 37. c4 Kd6 38. Kd3 a5 39. Bd1 1/2-1/2

[Event "Sparkassen-Open B"]
[Site "Heusenstamm, Martinsee"]
[Date "2023.11.26"]
[Round "7.16"]
[White "Lopez Fuertes, Victor"]
[Black "Friedel, Thomas"]
[Result "0-1"]
[WhiteElo "1614"]
[BlackElo "1498"]
[PlyCount "30"]
[EventDate "2023.??.??"]
[WhiteTeam "SC 1910 Höchst"]
[BlackTeam "SV 1946 Groß?-Gerau"]

1. e4 e5 2. Nf3 d6 3. Nc3 Nf6 4. d4 exd4 5. Nxd4 Be7 6. Bd3 O-O 7. Nf5 Bxf5 8. exf5 Re8 9. O-O Nbd7 10. Re1 Ne5 11. Bf1 Qd7 12. f4 Neg4 13. h3 Qxf5 14. hxg4 Nxg4 15. Be2 Qc5+ 0-1

[Event "Sparkassen-Open B"]
[Site "Heusenstamm, Martinsee"]
[Date "2023.11.26"]
[Round "7.17"]
[White "Pishnograev, Ilya"]
[Black "Ghaznavi, Massoud"]
[Result "1-0"]
[WhiteElo "1300"]
[BlackElo "1563"]
[PlyCount "79"]
[EventDate "2023.??.??"]
[WhiteTeam "SK Bad Homburg 1927"]
[BlackTeam "SV Oberursel"]

1. e4 e5 2. Nf3 Nc6 3. Bb5 d6 4. d4 Bd7 5. Bc4 Be7 6. O-O Bg4 7. h3 Bh5 8. g4 Bg6 9. Nc3 h6 10. Re1 Nf6 11. a4 a6 12. a5 O-O 13. Bd2 exd4 14. Ne2 Nxe4 15. Nexd4 Nxd4 16. Nxd4 Nxf2 17. Kxf2 Bh4+ 18. Kg1 Bxe1 19. Qxe1 Bxc2 20. Nxc2 d5 21. Be2 c5 22. Ne3 Re8 23. Qf2 Qe7 24. Re1 Qd7 25. Nf5 Rac8 26. Bf3 Kh7 27. Rxe8 Rxe8 28. Qxc5 h5 29. Qd4 f6 30. Qf4 h4 31. g5 Re5 32. Qxh4+ Kg8 33. g6 Qxf5 34. Qh7+ Kf8 35. Qh8+ Ke7 36. Bb4+ Kd7 37. Bg4 Qxg4+ 38. hxg4 Kc6 39. Qc8+ Kb5 40. Qxb7+ 1-0

[Event "Sparkassen-Open B"]
[Site "Heusenstamm, Martinsee"]
[Date "2023.11.26"]
[Round "7.18"]
[White "Carvelli, Nicolas"]
[Black "Müller, Jens"]
[Result "1/2-1/2"]
[WhiteElo "1462"]
[BlackElo "1497"]
[PlyCount "45"]
[EventDate "2023.??.??"]
[WhiteTeam "SF Seligenstadt 05"]
[BlackTeam "SV 1920 Hofheim"]

1. b3 e5 2. Bb2 Nc6 3. e3 Nf6 4. Bb5 d6 5. d4 exd4 6. Bxd4 Bd7 7. Bb2 a6 8. Be2 Bf5 9. Nf3 Be7 10. Nc3 O-O 11. O-O h6 12. a3 Qd7 13. Bd3 Bg4 14. Ne4 Qd8 15. Ng3 Re8 16. h3 Be6 17. Nf5 Bf8 18. Qd2 Qd7 19. Nxh6+ gxh6 20. Bxf6 Bxh3 21. Kh2 Bf5 22. Rh1 Ne5 23. Nxe5 1/2-1/2

[Event "Sparkassen-Open B"]
[Site "Heusenstamm, Martinsee"]
[Date "2023.11.26"]
[Round "7.19"]
[White "El-Lawindy, Asem"]
[Black "Naghizade, Farid"]
[Result "1/2-1/2"]
[WhiteElo "1494"]
[BlackElo "1468"]
[PlyCount "86"]
[EventDate "2023.??.??"]
[WhiteTeam "VSG 1880 Offenbach"]
[BlackTeam "SC Heusenstamm"]

1. d4 d5 2. Nf3 Bf5 3. e3 c5 4. Bd3 Bg6 5. c3 Nc6 6. Qe2 Nf6 7. Nbd2 e6 8. dxc5 Bxc5 9. e4 dxe4 10. Nxe4 Nxe4 11. Bxe4 Bxe4 12. Qxe4 h6 13. O-O O-O 14. Qg4 Qf6 15. Re1 Rad8 16. Be3 Bxe3 17. Rxe3 Rd5 18. Qg3 Rfd8 19. h3 Ne7 20. Nd4 Nf5 21. Nxf5 Rxf5 22. Rae1 Rd2 23. R3e2 Rxe2 24. Rxe2 Qd8 25. Qe3 Rd5 26. Qxa7 Ra5 27. Qe3 Rxa2 28. Rd2 Qc7 29. g3 b5 30. Qd3 b4 31. Qd8+ Qxd8 32. Rxd8+ Kh7 33. cxb4 Rxb2 34. Rb8 e5 35. b5 Kg6 36. b6 Kf6 37. g4 g6 38. Kg2 e4 39. Kg3 Rb3+ 40. Kg2 Kg5 41. Re8 Rxb6 42. Rxe4 f5 43. h4+ Kf6 1/2-1/2

[Event "Sparkassen-Open B"]
[Site "Heusenstamm, Martinsee"]
[Date "2023.11.26"]
[Round "7.20"]
[White "Pichl, Johann"]
[Black "Klein, Raphael"]
[Result "0-1"]
[WhiteElo "1475"]
[BlackElo "1458"]
[PlyCount "52"]
[EventDate "2023.??.??"]
[WhiteTeam "SK Bad Homburg 1927"]
[BlackTeam "SV 1926 Riegelsberg"]

1. d4 Nf6 2. Nf3 e6 3. c3 c5 4. Bf4 Nc6 5. e3 Be7 6. h3 O-O 7. Bd3 d5 8. O-O h6 9. Nbd2 Re8 10. b3 Bf8 11. Re1 Qb6 12. Be2 Bd7 13. Rb1 Rac8 14. dxc5 Bxc5 15. Bh2 Red8 16. Ne5 Nxe5 17. Bxe5 Bxe3 18. Rf1 Bxd2 19. Bxf6 gxf6 20. Qxd2 Kh7 21. c4 Bc6 22. Qb2 d4 23. Bh5 Rg8 24. g3 Rg7 25. Rbd1 Qc5 26. Kh2 Qxh5 0-1

[Event "Sparkassen-Open B"]
[Site "Heusenstamm, Martinsee"]
[Date "2023.11.26"]
[Round "7.21"]
[White "Steinke, Hans-Jörg"]
[Black "Papadopoulos, Kyriakos"]
[Result "1/2-1/2"]
[WhiteElo "1701"]
[BlackElo "1482"]
[PlyCount "54"]
[EventDate "2023.??.??"]
[WhiteTeam "SV Erkenschwick 1923 e"]
[BlackTeam "VSG 1880 Offenbach"]

1. d4 d5 2. c4 e6 3. Nc3 Nf6 4. Bg5 c5 5. cxd5 exd5 6. Nf3 Be6 7. e3 Nc6 8. g3 Be7 9. Bg2 Qb6 10. Qd2 cxd4 11. Nxd4 Nxd4 12. exd4 Rd8 13. O-O h6 14. Bf4 O-O 15. Rfe1 Rfe8 16. a3 a6 17. Rac1 Rc8 18. b4 Rc4 19. Na4 Qxd4 20. Qxd4 Rxd4 21. Be5 Rc4 22. Rxc4 dxc4 23. Bxb7 Bd7 24. Nb6 Bb5 25. a4 Bxa4 26. Bxf6 Bxf6 27. Rxe8+ Bxe8 1/2-1/2

[Event "Sparkassen-Open B"]
[Site "Heusenstamm, Martinsee"]
[Date "2023.11.26"]
[Round "7.22"]
[White "Hübner, Kai"]
[Black "Grünzig, Matthias"]
[Result "0-1"]
[WhiteElo "1608"]
[BlackElo "1439"]
[PlyCount "144"]
[EventDate "2023.??.??"]
[WhiteTeam "SC Flörsheim 1921"]
[BlackTeam "FV Berkersheim"]

1. d4 d5 2. Bf4 Nf6 3. e3 Bf5 4. Nf3 e6 5. c3 Bd6 6. Ne5 Nbd7 7. Nd2 O-O 8. Ndf3 Ne4 9. Bd3 Rc8 10. h4 f6 11. Nxd7 Qxd7 12. Qc2 Bxf4 13. exf4 Nd6 14. Nd2 Qf7 15. f3 Qg6 16. Bxf5 Qxf5 17. O-O-O Qxf4 18. g3 Qf5 19. Qa4 Qd3 20. Qd7 Rfe8 21. Rhe1 Qb5 22. Qxb5 Nxb5 23. Re2 Nd6 24. Rde1 Kf7 25. Nb3 b6 26. Kc2 Nf5 27. Rg2 h5 28. Kd2 Nd6 29. Kc2 Nc4 30. Nc1 a5 31. Nd3 Re7 32. Nf4 g6 33. Rge2 Rce8 34. b3 Nd6 35. Rg1 c6 36. g4 e5 37. dxe5 fxe5 38. Nh3 hxg4 39. Rxg4 Nf5 40. Kd2 Kf6 41. Reg2 Rg7 42. Ng5 Rh8 43. Rh2 Rh5 44. c4 Rg8 45. cxd5 cxd5 46. Kd3 Rgh8 47. Rc2 Nh6 48. Rc6+ Kf5 49. Ne6 Nxg4 50. Ng7+ Kf4 51. Nxh5+ Rxh5 52. fxg4 Kxg4 53. Rxg6+ Kxh4 54. Rxb6 Kg4 55. Rg6+ Kf4 56. Rf6+ Kg5 57. Rf2 Rh3+ 58. Kd2 d4 59. Re2 Kf4 60. Rf2+ Ke4 61. Rg2 Rf3 62. Rh2 Rf1 63. Kc2 d3+ 64. Kc3 Rc1+ 65. Kb2 Rc5 66. a3 Kd4 67. b4 axb4 68. axb4 Rb5 69. Kb3 e4 70. Rh8 d2 71. Rd8+ Ke3 72. Kc3 Rb7 0-1

[Event "Sparkassen-Open B"]
[Site "Heusenstamm, Martinsee"]
[Date "2023.11.26"]
[Round "7.23"]
[White "Heller, Holger"]
[Black "Joshi, Kanad"]
[Result "1/2-1/2"]
[WhiteElo "1547"]
[BlackElo "1412"]
[PlyCount "85"]
[EventDate "2023.??.??"]
[WhiteTeam "SAbt TuS Dotzheim"]
[BlackTeam "SV Oberursel"]

1. d4 d5 2. c4 e6 3. Nc3 a6 4. a4 Nf6 5. Bg5 Be7 6. e3 h6 7. Bh4 O-O 8. cxd5 exd5 9. Bd3 Nbd7 10. Nf3 b6 11. O-O c5 12. b3 Bb7 13. Re1 Re8 14. Rc1 Rc8 15. Na2 Qc7 16. Bg3 Bd6 17. Bxd6 Qxd6 18. Re2 Rc7 19. Rec2 Rec8 20. Qe2 a5 21. Nc3 Bc6 22. Bb5 Qe6 23. Bxc6 Rxc6 24. Nb5 cxd4 25. Nfxd4 Rxc2 26. Rxc2 Rxc2 27. Qxc2 Qe4 28. Qc8+ Kh7 29. h3 Nc5 30. Nd6 Qb1+ 31. Kh2 Nxb3 32. Nxb3 Qxb3 33. Nxf7 d4 34. Qh8+ Kg6 35. Ne5+ Kf5 36. exd4 Qxa4 37. Nf3 Qd7 38. Qb8 Qe6 39. Qc7 g5 40. Qc2+ Qe4 41. Qc8+ Kg6 42. Qd8 Qf4+ 43. Kh1 1/2-1/2

[Event "Sparkassen-Open B"]
[Site "Heusenstamm, Martinsee"]
[Date "2023.11.26"]
[Round "7.24"]
[White "Dietrich, Fabian"]
[Black "Longerich, Hans-Peter"]
[Result "1-0"]
[WhiteElo "1413"]
[BlackElo "1431"]
[PlyCount "45"]
[EventDate "2023.??.??"]
[WhiteTeam "SK Marburg 1931/72"]
[BlackTeam "SC Bayer Leverkusen e. V"]

1. e4 c6 2. c4 d5 3. exd5 cxd5 4. cxd5 Qxd5 5. Nc3 Qd8 6. Nf3 Nf6 7. d4 e6 8. Bf4 Be7 9. Rc1 O-O 10. Bd3 a6 11. O-O Nc6 12. a3 b5 13. h3 Bb7 14. Re1 Rc8 15. Re2 Nd5 16. Nxd5 Qxd5 17. Be4 Qd7 18. Rec2 Bd6 19. Bxd6 Qxd6 20. b4 Qd7 21. Bxc6 Bxc6 22. Ne5 Qd5 23. Nxc6 1-0

[Event "Sparkassen-Open B"]
[Site "Heusenstamm, Martinsee"]
[Date "2023.11.26"]
[Round "7.25"]
[White "Leichum, Engelbert"]
[Black "Moissl, Julian"]
[Result "1/2-1/2"]
[WhiteElo "1527"]
[BlackElo "1188"]
[PlyCount "50"]
[EventDate "2023.??.??"]
[WhiteTeam "Frankfurt/Main"]
[BlackTeam "SJ Herborn 1998"]

1. e4 e5 2. d4 exd4 3. c3 dxc3 4. Bc4 Nf6 5. e5 d5 6. exf6 dxc4 7. Qe2+ Be6 8. fxg7 Bxg7 9. Nxc3 Qd3 10. Bd2 Qxe2+ 11. Ngxe2 Nc6 12. Bg5 Rg8 13. Bh4 Ne5 14. Nf4 Nd3+ 15. Nxd3 cxd3 16. O-O Kd7 17. Rfd1 Bf5 18. g4 Bh6 19. h3 d2 20. Bg3 Bc2 21. f4 Bxd1 22. Rxd1 Rad8 23. Bh4 Rde8 24. Rxd2+ Kc8 25. Nd5 Bf8 1/2-1/2

[Event "Sparkassen-Open B"]
[Site "Heusenstamm, Martinsee"]
[Date "2023.11.26"]
[Round "7.26"]
[White "Englert, Ann"]
[Black "Memmeler, Björn"]
[Result "1/2-1/2"]
[WhiteElo "1178"]
[BlackElo "1519"]
[PlyCount "60"]
[EventDate "2023.??.??"]
[WhiteTeam "TV-Groß?ostheim 1900 e.V."]
[BlackTeam "Schachfüchse Kempen 1986 e. V."]

1. d4 d5 2. c4 e6 3. Nc3 Nf6 4. cxd5 exd5 5. Bg5 Be7 6. e3 O-O 7. Bd3 b6 8. Nf3 Bb7 9. O-O Nh5 10. Bxe7 Qxe7 11. Qc2 g6 12. Ne5 Nd7 13. Nxd7 Qxd7 14. Rac1 c6 15. Ne2 Rfe8 16. b4 a6 17. a3 Ng7 18. Nf4 Re7 19. Rfe1 Ne8 20. Be2 Nd6 21. h3 b5 22. Nd3 Nc4 23. Nc5 Qc7 24. Bxc4 bxc4 25. Qc3 Bc8 26. Rb1 Be6 27. e4 dxe4 28. Rxe4 Bd5 29. Rxe7 Qxe7 30. Re1 Qg5 1/2-1/2

[Event "Sparkassen-Open B"]
[Site "Heusenstamm, Martinsee"]
[Date "2023.11.26"]
[Round "7.27"]
[White "Gärtner, David"]
[Black "Brunner, Andreas"]
[Result "1-0"]
[WhiteElo "1286"]
[BlackElo "1414"]
[PlyCount "73"]
[EventDate "2023.??.??"]
[WhiteTeam "Sfr.Mainz 1928"]
[BlackTeam "FV Berkersheim"]

1. d4 Nf6 2. c4 d5 3. cxd5 Qxd5 4. Nc3 Qh5 5. Nf3 Bg4 6. Ne5 c6 7. Qb3 b6 8. e4 Be6 9. Qc2 Nfd7 10. Be2 Qh4 11. Nf3 Qh5 12. Ne5 Qh4 13. g3 Qh3 14. Bf1 Qh5 15. Be2 Qh3 16. Bf1 Qh5 17. Nxd7 Bxd7 18. Bg2 e6 19. Bf4 Be7 20. O-O O-O 21. a3 e5 22. Bxe5 Bh3 23. Ne2 Bxg2 24. Kxg2 c5 25. Nf4 Qh6 26. dxc5 Bxc5 27. Rfd1 Rc8 28. b4 Nc6 29. Bb2 Bf8 30. Rac1 Ne7 31. Qb1 g5 32. Nd5 Nxd5 33. Rxd5 g4 34. Rxc8 Rxc8 35. Qd1 Qh3+ 36. Kg1 h6 37. Qd4 1-0

[Event "Sparkassen-Open B"]
[Site "Heusenstamm, Martinsee"]
[Date "2023.11.26"]
[Round "7.28"]
[White "Shymanskyi, Illia"]
[Black "Henzelmann, Matthias"]
[Result "1-0"]
[WhiteElo "1301"]
[BlackElo "1469"]
[PlyCount "29"]
[EventDate "2023.??.??"]
[WhiteTeam "SC Steinbach"]
[BlackTeam "SC Heuchelheim"]

1. e4 c5 2. Nf3 e6 3. d4 cxd4 4. Nxd4 Nf6 5. Nc3 Nc6 6. Bg5 Be7 7. Nxc6 bxc6 8. Bd3 d5 9. O-O O-O 10. Re1 Qb6 11. e5 d4 12. exf6 gxf6 13. Bh6 dxc3 14. Qg4+ Kh8 15. Qg7# 1-0

[Event "Sparkassen-Open B"]
[Site "Heusenstamm, Martinsee"]
[Date "2023.11.26"]
[Round "7.29"]
[White "Chiokadze, Barbare"]
[Black "Weidemann, Max"]
[Result "1-0"]
[WhiteElo "1151"]
[BlackElo "1488"]
[PlyCount "81"]
[EventDate "2023.??.??"]
[WhiteTeam "Wachtang Qarseladze"]
[BlackTeam "Vorw.Orient Mainz"]

1. d4 Nf6 2. c4 g6 3. Nc3 d5 4. c5 Bg7 5. Bg5 Ne4 6. Nxe4 dxe4 7. e3 O-O 8. Bc4 Nc6 9. Ne2 Na5 10. Bb3 Nxb3 11. axb3 Re8 12. Nc3 f5 13. h3 Be6 14. Bf4 c6 15. O-O Bf7 16. Qe2 e5 17. dxe5 Bxe5 18. Bxe5 Rxe5 19. b4 Qh4 20. Rfd1 Be6 21. Rd6 a6 22. Qd2 Re8 23. Qd4 Bf7 24. Rd7 R8e7 25. Rd1 Rxd7 26. Qxd7 Qe7 27. Qxe7 Rxe7 28. Rd8+ Kg7 29. Na4 Kf6 30. Nb6 Be6 31. Kf1 Ke5 32. Ke2 g5 33. f3 exf3+ 34. Kxf3 g4+ 35. hxg4 fxg4+ 36. Ke2 Rf7 37. Nc8 Bxc8 38. Rxc8 g3 39. Re8+ Kd5 40. Kd3 Rf2 41. e4# 1-0

[Event "Sparkassen-Open B"]
[Site "Heusenstamm, Martinsee"]
[Date "2023.11.26"]
[Round "7.31"]
[White "Grimm, Benjamin"]
[Black "Reinhold, Günther"]
[Result "0-1"]
[WhiteElo "1198"]
[BlackElo "1665"]
[PlyCount "28"]
[EventDate "2023.??.??"]
[WhiteTeam "Godesberger SK 1929 e. V"]
[BlackTeam "Sabt Frankfurter TV 1860"]

1. d4 Nf6 2. Nf3 e6 3. Bf4 c5 4. e3 a6 5. Be2 Qa5+ 6. c3 cxd4 7. exd4 b5 8. O-O Bb7 9. Nbd2 d6 10. h3 Be7 11. a4 bxa4 12. Qxa4+ Qxa4 13. Rxa4 O-O 14. b4 Nd5 0-1

[Event "Sparkassen-Open B"]
[Site "Heusenstamm, Martinsee"]
[Date "2023.11.26"]
[Round "7.32"]
[White "Traut, Stefan"]
[Black "Rempe, Lennik"]
[Result "1/2-1/2"]
[WhiteElo "1557"]
[BlackElo "1321"]
[PlyCount "26"]
[EventDate "2023.??.??"]
[WhiteTeam "SF Heusenstamm"]
[BlackTeam "SK Doppelbauer Kiel von 1910 e.V"]

1. d4 d5 2. Nf3 Nf6 3. c4 e6 4. g3 Be7 5. Bg2 O-O 6. O-O Nbd7 7. Qc2 b6 8. Bf4 Bb7 9. Nbd2 c5 10. dxc5 Nxc5 11. cxd5 Bxd5 12. b3 Rc8 13. Qb2 Nfe4 1/2-1/2

[Event "Sparkassen-Open B"]
[Site "Heusenstamm, Martinsee"]
[Date "2023.11.26"]
[Round "7.33"]
[White "Koch, Mika Jonas"]
[Black "Karres, David Tobias"]
[Result "1-0"]
[WhiteElo "1412"]
[BlackElo "1450"]
[PlyCount "61"]
[EventDate "2023.??.??"]
[WhiteTeam "SK Marburg 1931/72"]
[BlackTeam "SF Heidelberg"]

1. c4 Nf6 2. d4 e6 3. Nc3 Bb4 4. Bd2 d5 5. e3 O-O 6. Nf3 Nbd7 7. Bd3 c5 8. O-O Ba5 9. Qc2 Bc7 10. Nb5 Bb8 11. cxd5 exd5 12. dxc5 Ne5 13. Nxe5 Bxe5 14. Bc3 Bxh2+ 15. Kxh2 Ng4+ 16. Kg3 Qg5 17. f4 Qe7 18. Bd4 Nxe3 19. Bxe3 Qxe3+ 20. Rf3 Qe6 21. Bxh7+ Kh8 22. Rh1 g6 23. Qc3+ f6 24. Bxg6+ Kg8 25. f5 Qe5+ 26. Qxe5 fxe5 27. Nd6 Bd7 28. Kg4 e4 29. Rfh3 Kg7 30. Kg5 Rh8 31. f6+ 1-0

[Event "Sparkassen-Open B"]
[Site "Heusenstamm, Martinsee"]
[Date "2023.11.26"]
[Round "7.35"]
[White "Moldenhauer, Nils"]
[Black "Laznik, Zeljko"]
[Result "1/2-1/2"]
[WhiteElo "1453"]
[BlackElo "1407"]
[PlyCount "96"]
[EventDate "2023.??.??"]
[WhiteTeam "SV Oberursel"]
[BlackTeam "SF Heusenstamm"]

1. e4 e5 2. Nf3 Nc6 3. Bc4 h6 4. d4 exd4 5. Nxd4 Nxd4 6. Qxd4 Qf6 7. Be3 d6 8. Nc3 c6 9. O-O Qg6 10. Kh1 Be7 11. Rad1 Qf6 12. Qd2 Be6 13. Bb3 Bxb3 14. axb3 h5 15. f4 Rh7 16. e5 Qf5 17. exd6 Rd8 18. Bxa7 Rxd6 19. Qf2 Nf6 20. Qb6 Qd7 21. Qe3 Nd5 22. Nxd5 cxd5 23. Qd3 Rhh6 24. Qf3 b6 25. Bb8 Rc6 26. Rf2 d4 27. Be5 Rhe6 28. h3 g6 29. Bxd4 Qc8 30. c3 Bc5 31. Bxc5 Rxc5 32. b4 Rc4 33. Rdd2 Qc7 34. g3 Rf6 35. Rde2+ Kf8 36. Re4 Rcc6 37. Rfe2 Qd7 38. Kg2 Kg7 39. Qe3 Rce6 40. Rxe6 Rxe6 41. Qf3 Rd6 42. g4 Rd3 43. Re3 Rxe3 44. Qxe3 hxg4 45. hxg4 Qxg4+ 46. Qg3 Qe2+ 47. Qf2 Qg4+ 48. Qg3 Qe2+ 1/2-1/2

[Event "Sparkassen-Open B"]
[Site "Heusenstamm, Martinsee"]
[Date "2023.11.26"]
[Round "7.36"]
[White "Schmidt, Moritz"]
[Black "Tran, Duy-Khang"]
[Result "0-1"]
[WhiteElo "1453"]
[BlackElo "1381"]
[PlyCount "80"]
[EventDate "2023.??.??"]
[WhiteTeam "SV 1920 Plettenbe"]
[BlackTeam "TSV 1869 Rottendorf"]

1. e4 c5 2. c3 Nf6 3. e5 Nd5 4. d4 d6 5. Nf3 cxd4 6. cxd4 dxe5 7. Nxe5 Nc6 8. Bb5 Qa5+ 9. Nc3 Nxc3 10. Bxc6+ bxc6 11. Qd2 Qd5 12. Qxc3 Qxg2 13. Qf3 Qxf3 14. Nxf3 Ba6 15. Be3 e6 16. O-O-O Be2 17. Ne5 Bxd1 18. Rxd1 Rc8 19. Kb1 c5 20. dxc5 Bxc5 21. Rc1 f6 22. Nd3 O-O 23. Nxc5 Rfe8 24. Na6 Rxc1+ 25. Kxc1 Rc8+ 26. Kb1 Rc6 27. Nb4 Rc4 28. Nc2 a6 29. Nd4 e5 30. Ne6 f5 31. b3 Rh4 32. Nc5 f4 33. Bd2 Rxh2 34. Ne4 Kf7 35. Kc2 Ke6 36. f3 Kd5 37. Kd3 h5 38. Be1 h4 39. Nf2 h3 40. Ng4 Rg2 0-1